Psychosocial Lyrics - Slipknot - Statistics

General Stats
  • This quiz has been taken 87 times
  • The average score is 44 of 71
Answer Stats
Lyrics: % Correct
I did my {time}
93%
And I want {out}
91%
And the rain will kill us {all}
89%
And the rain will kill us {all}
89%
And the rain will kill us {all}
89%
And the rain will kill us {all}
89%
Throw ourselves {against} the wall
85%
I'm done { }
84%
The {sickening}
84%
I'm not the only {one}
82%
I'm not the only {one}
82%
I'm not the only {one}!
82%
The {reckoning}
80%
The soul is not so {vibrant}
77%
Go dig your {graves}
76%
The preservation of the {martyr} in me
76%
The preservation of the {martyr} in me
76%
The preservation of the {martyr} in me
76%
The preservation of the {martyr} in me
76%
Throw {ourselves} against the wall
76%
We throw {ourselves} against the wall
76%
We throw {ourselves} against the wall
76%
The limits of the {dead}!
73%
The limits of the {dead}!
73%
The limits of the {dead}!
73%
The limits of the {dead}!
73%
The limits of the {dead}!
73%
The limits of the {dead}!
73%
So effusive fade, it doesn't {cut}
72%
I think we're {done}
70%
Then fill your mouth with all the money you will {save}
70%
It has {begun}
69%
Just look me in the {eyes} and say I'm wrong
64%
The secrets have gone {mad}
61%
The hate was all we {had}
59%
Who needs another {mess}?
59%
Sinking in, getting {smaller} again
57%
Go drill your {deserts}
55%
Oh, there are {cracks} in the road we laid
53%
Psychosocial! { }
53%
Psychosocial! { }
53%
Psychosocial! { }
53%
Psychosocial! { }
53%
Psychosocial! { }
53%
Psychosocial! { }
53%
Psychosocial! { }
53%
Psychosocial! { }
53%
Psychosocial! { }
53%
Psychosocial! { }
53%
Psychosocial! { }
53%
Psychosocial! { }
53%
Packaging subversion { }
51%
But no one else can see { }
50%
But no one else can see { }
50%
But no one else can see { }
50%
But no one else can see { }
50%
Pseudo-sacrosanct {perversion}
50%
Oh, yeah! { }
49%
This is nothing new { }
49%
We could start over { }
49%
Venomous, insipid { }
46%
Fake anti-fascist lie { }
45%
Now there's only {emptiness}
45%
If it's hunting {season}
43%
I tried to tell you, but { }
43%
Is this what you want? { }
42%
*Sick a** solo starts* { }
39%
But when we {killed} it all
32%
But where the {temple} fell
32%
Can't stop a killing {idea}
30%
Your {purple hearts} are giving out
30%
No matching quizzes found
Score Distribution
Percent of People with Each Score
Percentile by Number Answered
Your Score History
You have not taken this quiz